000 01091nam a2200265 i 4500
001 35446
003 ES-MaACL
005 20231107115034.0
007 t|
008 140903s2013 sp a |||| | spa d
020 _a978-84-8480-216-7
080 _a75.034/.035(4)(083.824)
245 0 3 _aLa belleza encerrada /
_cedición a cargo de Manuela B. Mena Marqués ; [comisariado, Manuela B. Mena Marqués].
260 _a[Madrid] :
_bMuseo Nacional del Prado,
_c2013.
300 _a479 p. :
_bprincipalmente il. col. ;
_c19 cm.
500 _aEditado con motivo de la exposición La belleza encerrada: de Fra Angelico a Fortuny celebrada en el Museo del Prado entre el 21 de mayo y el 10 de noviembre de 2013.
504 _aBibliografía: p. 469-470. Índice.
650 0 4 _aPintura europea-
_vExposiciones.
_916044
655 7 _2tgfbne
_9193628
_aCatálogos de exposiciones
700 0 _aMena, Manuela.
_980049
710 2 _aMuseo Nacional del Prado.
_9160001
852 _aES-MaACL
_jA-13215
_936741
_bR.149941
_cDEPO1
_dOlim: N-6215
942 _2udc
_cMONOGRAFIA
999 _c35446
_d35446